Verbs that ends with "ar" - Statistics

General Stats
  • This quiz has been taken 6 times
  • The average score is 14 of 51
Answer Stats
Hint Answer % Correct
Acabar to end / to finish
75%
Amar to love
50%
Andar to walk
50%
Cantar to sing
50%
Deixar to leave
50%
Esperar to wait
50%
Fumar to smoke
50%
Lavar to wash
50%
Levantar to raise / to lift
50%
Nadar to swim
50%
Olhar to look
50%
Pintar to paint
50%
Voltar to return
50%
Achar to think
25%
Ajudar to help
25%
Beijar to kiss
25%
Chamar to call
25%
Comprar to buy
25%
Contar to tell / to count
25%
Dançar to dance
25%
Encontrar to find
25%
Entrar to enter
25%
Enviar to send
25%
Estudar to study
25%
Falar to speak
25%
Fechar to close
25%
Ganhar to win / to earn
25%
Gostar to like
25%
Lembrar to remember
25%
Levar to take / to bring
25%
Morar to live
25%
Odiar to hate
25%
Parar to stop
25%
Pensar to think
25%
Perguntar to ask
25%
Tentar to try
25%
Tirar to take / to remove
25%
Tomar to have / to take
25%
Trabalhar to work
25%
Usar to use
25%
Viajar to travel
25%
Acreditar to believe
0%
Começar to start
0%
Costumar to be used to
0%
Ficar to stay
0%
Inciar to start / to begin
0%
Ligar to call
0%
Mudar to change
0%
Murar to move / to change
0%
Presisar to need
0%
Tornar to become
0%
No matching quizzes found
Score Distribution
Percent of People with Each Score
Percentile by Number Answered
Your Score History
You have not taken this quiz